| 000 | 01124nam a22003377a 4500 | ||
|---|---|---|---|
| 003 | CHAP | ||
| 005 | 20220329132918.0 | ||
| 008 | 971013s1990 r 00010 d | ||
| 010 | _a189 | ||
| 011 | _a1161 | ||
| 035 | _a337 | ||
| 040 | _cCHAP | ||
| 090 | _aTesis | ||
| 100 | 0 | 0 |
_aAlvarado Gómez, Omar Guadalupe. _94783 |
| 245 | _aCaracterización in vitro de la tolerancia de Chenopodium quinoa Willd. a la salinidad (NaCl) | ||
| 260 |
_aMontecillo, Méx. : _bEl autor, _c1990 |
||
| 300 | _a112 h. | ||
| 502 | _aTesis (M.C. Esp. en Genética) -- CP. Centro de Genética | ||
| 590 |
_aALEPH _b10 _c20130110 _lUCH01 _h1204 |
||
| 590 |
_aBATCH-UPD _b10 _c20130110 _lUCH01 _h0149 |
||
| 590 |
_aBATCH-UPD _b10 _c20130110 _lUCH01 _h2033 |
||
| 590 |
_aBATCH-UPD _b10 _c20130409 _lUCH01 _h2149 |
||
| 590 |
_aBATCH-UPD _b10 _c20130914 _lUCH01 _h0254 |
||
| 590 |
_aCONVERSION _b10 _c20130109 _lUCH01 _h1302 |
||
| 650 | 1 | 4 |
_aCultivo de tejidos. _930213 |
| 650 | 1 | 4 |
_aQuinoa _xEfecto de la sal. _993343 |
| 901 | _aBK | ||
| 942 | _cFOLL | ||
| 949 |
_bBC _cTES _d-70700 _eTS2 _fc.2 _h22596 _i337 _si |
||
| 949 |
_bBC _cTES _d-9778 _eTS1 _h22595 _i337 _si |
||
| 999 |
_c189 _d189 |
||